Espacios de encuentro cultural : (Record no. 47108)
[ view plain ]
| 000 -LEADER | |
|---|---|
| fixed length control field | 01239nam a22002537a 4500 |
| 005 - DATE AND TIME OF LATEST TRANSACTION | |
| control field | 20180809135554.0 |
| 008 - FIXED-LENGTH DATA ELEMENTS--GENERAL INFORMATION | |
| fixed length control field | 131216t mx ||||| |||| 00| 0 spa d |
| 020 ## - INTERNATIONAL STANDARD BOOK NUMBER | |
| International Standard Book Number | 968746951 |
| 050 04 - LIBRARY OF CONGRESS CALL NUMBER | |
| Classification number | NA9102 |
| Item number | E87 2008 |
| 245 00 - TITLE STATEMENT | |
| Title | Espacios de encuentro cultural : |
| Remainder of title | estudios de caso Iberoamérica / |
| Statement of responsibility, etc | Coordinadoras, Carmén Alicia Munguía, Catherine R. Ettinger Mc Enulty |
| 250 ## - EDITION STATEMENT | |
| Edition statement | 1a ed. |
| 260 ## - PUBLICATION, DISTRIBUTION, ETC. (IMPRINT) | |
| Place of publication, distribution, etc | Morelia, Michoacán de Ocampo, México : |
| Name of publisher, distributor, etc | Universidad Michoacana de San Nicolás de Hidalgo, Facultad de Arquitectura, Instituto de Investigaciones Históricas, |
| Date of publication, distribution, etc | 2008. |
| 300 ## - PHYSICAL DESCRIPTION | |
| Extent | 255 p. : |
| Other physical details | il. ; |
| Dimensions | 28 cm. |
| 504 ## - BIBLIOGRAPHY, ETC. NOTE | |
| Bibliography, etc | Incluye índice |
| 650 #7 - SUBJECT ADDED ENTRY--TOPICAL TERM | |
| Source of heading or term | LEMB |
| Topical term or geographic name as entry element | Urbanismo |
| General subdivision | Historia |
| Chronological subdivision | Siglo XVI-XIX |
| Geographic subdivision | México |
| 650 #7 - SUBJECT ADDED ENTRY--TOPICAL TERM | |
| Source of heading or term | LEMB |
| Topical term or geographic name as entry element | Arquitectura |
| General subdivision | Historia |
| Chronological subdivision | Siglo XVI-XIX |
| Geographic subdivision | América Latina |
| 651 #7 - SUBJECT ADDED ENTRY--GEOGRAPHIC NAME | |
| Source of heading or term | LEMB |
| Geographic name | México |
| General subdivision | Condiciones sociales |
| Chronological subdivision | Siglo XVI-XIX |
| Geographic subdivision | América Latina |
| 700 1# - ADDED ENTRY--PERSONAL NAME | |
| Personal name | Dávila, Munguía, Carmen Alicia, |
| Relator term | coord. |
| 700 1# - ADDED ENTRY--PERSONAL NAME | |
| Personal name | Ettinger, Mc Enulty, Catherine |
| Relator term | coord. |
| Fuller form of name | [Catherine Rose Ettinger McEnulty] |
| 700 1# - ADDED ENTRY--PERSONAL NAME | |
| Personal name | Azevedo Salomao, Eugenia María, |
| Dates associated with a name | [1956- ] |
| Relator term | cuat. |
| 700 1# - ADDED ENTRY--PERSONAL NAME | |
| Personal name | Bobadilla González, Leticia, |
| Relator term | cuat. |
| 700 1# - ADDED ENTRY--PERSONAL NAME | |
| Personal name | Calvo, Luis María, |
| Relator term | cuat. |
| 700 1# - ADDED ENTRY--PERSONAL NAME | |
| Personal name | Collado, Adriana María, |
| Relator term | cuat. |
| 942 ## - ADDED ENTRY ELEMENTS (KOHA) | |
| Source of classification or shelving scheme | Biblioteca del Cogreso de los Estados Unidos |
| Koha item type | Libro |
| Estado de pérdida | Fuente de clasificación | Estado del daño | No para préstamo | Ubicación permanente | Ubicación actual | Apartado o colección | Fecha de adquisición | Edición | Dependencia de educación superior (DES) | Área del conocimiento | Clasificación | Código de Barras | Date last seen | Número de copia | Tipo de recurso | Nota pública | Fuente de adquisición | Total Checkouts | Costo por reposición |
|---|---|---|---|---|---|---|---|---|---|---|---|---|---|---|---|---|---|---|---|
| Biblioteca del Cogreso de los Estados Unidos | Biblioteca de la Facultad de Arquitectura | Biblioteca de la Facultad de Arquitectura | General | 11/06/2015 | 1a ed. | Ingeniería y Arquitectura | Ingeniería y Tecnología | NA9102 E87 2008 | BFA000000762 | 11/06/2015 | 1 | Libro | Unidad Académica | ||||||
| Biblioteca del Cogreso de los Estados Unidos | Biblioteca de la Facultad de Arquitectura | Biblioteca de la Facultad de Arquitectura | General | 11/06/2015 | 1a ed. | Ingeniería y Arquitectura | Ingeniería y Tecnología | NA9102 E87 2008 | BFA000000763 | 11/06/2015 | 2 | Libro | Unidad Académica | ||||||
| Biblioteca del Cogreso de los Estados Unidos | Biblioteca de la Preparatoria Melchor Ocampo | Biblioteca de la Preparatoria Melchor Ocampo | General | 09/10/2023 | 1a. ed. | Educación y Humanidades | NA9102 E87 2008 | PMO000003105 | 09/10/2023 | C: 1 | Libro | 1.00 | |||||||
| Biblioteca del Cogreso de los Estados Unidos | Biblioteca del Instituto de Investigaciones Históricas | Biblioteca del Instituto de Investigaciones Históricas | General | 16/12/2013 | 1a ed. | Humanidades | Educación y Humanidades | NA9102 E87 2008 | IIH000010635 | 16/12/2013 | C:1 | Libro | GENERAL | ||||||
| Biblioteca del Cogreso de los Estados Unidos | Biblioteca del Instituto de Investigaciones Históricas | Biblioteca del Instituto de Investigaciones Históricas | General | 18/12/2013 | 1a ed. | Humanidades | Educación y Humanidades | NA9102 E87 2008 | IIH000010636 | 18/12/2013 | C:2 | Libro | GENERAL | ||||||
| Biblioteca del Cogreso de los Estados Unidos | Biblioteca del Instituto de Investigaciones Históricas | Biblioteca del Instituto de Investigaciones Históricas | General | 11/11/2016 | 1a ed. | Humanidades | Educación y Humanidades | NA9102 E87 2008 | IIH000014852 | 11/11/2016 | C:3 | Libro | GENERAL |